[Event "Open Marianske Lazne 2018 - A + B"]
[Site "?"]
[Date "2018.01.26"]
[Round "8"]
[White "German, Nikita"]
[Black "Rosko, Lubos"]
[Result "1/2-1/2"]
[WhiteElo "2229"]
[BlackElo "2301"]
[PlyCount "30"]
[EventDate "2018.??.??"]

1. e4 c5 2. Nf3 d6 3. d4 cxd4 4. Nxd4 Nf6 5. Nc3 a6 6. Be2 e5 7. Nb3 Be7 8. Be3
O-O 9. O-O Be6 10. Qd3 Nc6 11. a3 d5 12. exd5 Nxd5 13. Nxd5 Qxd5 14. Qxd5 Bxd5
15. c4 Be6 1/2-1/2

[Event "Open Marianske Lazne 2018 - A + B"]
[Site "?"]
[Date "2018.01.26"]
[Round "8"]
[White "Plischki, Sebastian"]
[Black "Siekanski, Janusz"]
[Result "1-0"]
[WhiteElo "2395"]
[BlackElo "2272"]
[PlyCount "71"]
[EventDate "2018.??.??"]

1. d4 d5 2. c4 e6 3. Nf3 c5 4. cxd5 exd5 5. g3 Nc6 6. Bg2 Nf6 7. O-O Be7 8.
dxc5 Bxc5 9. Qc2 Bb6 10. Nc3 h6 11. Na4 O-O 12. Nxb6 Qxb6 13. b3 Ne4 14. Be3
Qa5 15. Nd4 Nxd4 16. Bxd4 Bf5 17. Qb2 f6 18. Rfc1 Rac8 19. f3 Ng5 20. b4 Qa4
21. Qb3 Qxb3 22. axb3 a6 23. Rc5 Rxc5 24. bxc5 Bc2 25. b4 Bb3 26. Kf2 Bc4 27.
e3 h5 28. Rc1 Re8 29. Ba1 Re7 30. h4 Nf7 31. e4 Ne5 32. Bxe5 fxe5 33. f4 exf4
34. gxf4 Rd7 35. exd5 Bxd5 36. Rd1 1-0

[Event "Open Marianske Lazne 2018 - A + B"]
[Site "?"]
[Date "2018.01.26"]
[Round "8"]
[White "Csiki, Endre"]
[Black "Nitish, Belurkar"]
[Result "0-1"]
[WhiteElo "2093"]
[BlackElo "2270"]
[PlyCount "104"]
[EventDate "2018.??.??"]

1. e4 e5 2. Bc4 Nf6 3. d3 c6 4. Bb3 Be7 5. Nc3 d6 6. f4 Bg4 7. Nf3 Nbd7 8. f5
d5 9. h3 Bxf3 10. Qxf3 Nc5 11. exd5 Nxb3 12. axb3 Nxd5 13. Nxd5 cxd5 14. O-O
O-O 15. Kh1 Qd7 16. Qe3 Bf6 17. Qf2 a6 18. Be3 Rac8 19. Qd2 d4 20. Bg1 Rc6 21.
c3 dxc3 22. bxc3 Rd6 23. Rad1 Rd8 24. d4 exd4 25. cxd4 Bxd4 26. Bxd4 Rxd4 27.
Qxd4 Qxd4 28. Rxd4 Rxd4 29. Rf3 Rb4 30. g4 h5 31. g5 Kh7 32. Kh2 f6 33. gxf6
gxf6 34. Rc3 h4 35. Kg2 Kh6 36. Rf3 Kg5 37. Rc3 Kxf5 38. Kf3 Kg5 39. Rc5+ f5
40. Rc3 b6 41. Rd3 Rb5 42. Re3 f4 43. Rc3 Kf5 44. Rd3 Re5 45. Rd8 Re3+ 46. Kg2
Rg3+ 47. Kh2 Rxb3 48. Rh8 a5 49. Rxh4 a4 50. Rh8 Rb2+ 51. Kg1 a3 52. Ra8 a2 0-1

[Event "Open Marianske Lazne 2018 - A + B"]
[Site "?"]
[Date "2018.01.26"]
[Round "8"]
[White "Jurek, Josef"]
[Black "Hoefelsauer, Thomas"]
[Result "0-1"]
[WhiteElo "2260"]
[BlackElo "2356"]
[PlyCount "148"]
[EventDate "2018.??.??"]

1. Nf3 d5 2. d4 Nf6 3. c4 c6 4. Qb3 dxc4 5. Qxc4 Bg4 6. Nbd2 Nbd7 7. g3 e6 8.
Bg2 Be7 9. O-O O-O 10. Re1 Qc7 11. e4 e5 12. dxe5 Nxe5 13. Nxe5 Qxe5 14. h3 Be6
15. Qe2 Bc5 16. Nf1 Bd4 17. Bf4 Qc5 18. Be3 Rfd8 19. b3 Bxe3 20. Qxe3 Qxe3 21.
Rxe3 Nd7 22. f4 f6 23. Rc3 Nb6 24. Kf2 a5 25. Rb1 Rd4 26. Rc2 Rb4 27. Rcb2 Nd7
28. a3 Rb6 29. Nd2 Rb5 30. Bf1 Rc5 31. Bc4 Bf7 32. Bxf7+ Kxf7 33. Nc4 b5 34.
Nxa5 Rc3 35. b4 Nc5 36. bxc5 Rxa5 37. Rb3 Rxa3 38. Rxa3 Rxa3 39. Rd1 Rc3 40.
Rd7+ Kf8 41. Rb7 Rxc5 42. Kf3 h5 43. f5 Rc3+ 44. Kf4 h4 45. gxh4 Rxh3 46. Kg4
Rh1 47. Kh5 Rb1 48. Kg6 Rg1+ 49. Kh5 Rg3 50. Rb6 Ke7 51. Rxc6 b4 52. e5 fxe5
53. Re6+ Kf7 54. Rxe5 b3 55. Rb5 Kf6 56. Rb6+ Ke5 57. Re6+ Kd5 58. Re2 Kc4 59.
Rf2 Rg1 60. Rf4+ Kc5 61. Rf2 Kd5 62. Rd2+ Ke4 63. Rf2 Ke5 64. Re2+ Kd4 65. Rf2
Kd3 66. Rf3+ Kc2 67. Rf2+ Kc1 68. f6 gxf6 69. Rxf6 b2 70. Rb6 b1=Q 71. Rxb1+
Kxb1 72. Kh6 Kc2 73. h5 Kd3 74. Kh7 Ke4 0-1

[Event "Open Marianske Lazne 2018 - A + B"]
[Site "?"]
[Date "2018.01.26"]
[Round "8"]
[White "Sivakumar, Ashvin"]
[Black "Chkhaidze, Nikoloz"]
[Result "0-1"]
[WhiteElo "2208"]
[BlackElo "2306"]
[PlyCount "102"]
[EventDate "2018.??.??"]

1. d4 Nf6 2. c4 e6 3. Nc3 Bb4 4. Nf3 O-O 5. Bg5 h6 6. Bh4 d5 7. e3 c5 8. cxd5
exd5 9. Be2 g5 10. Bg3 Ne4 11. Rc1 c4 12. Nd2 Bf5 13. Ndxe4 Bxe4 14. h4 Nc6 15.
hxg5 hxg5 16. Bf3 Bg6 17. Bh5 Qf6 18. O-O Rad8 19. Bf3 Qe6 20. Qa4 a6 21. a3
Bxc3 22. Rxc3 Kg7 23. b3 g4 24. Be2 b5 25. Bxg4 Qxg4 26. Qxa6 Ne7 27. Bd6 Qe6
28. Be5+ Kg8 29. Qxb5 Bd3 30. Rfc1 f6 31. Bf4 Qc6 32. bxc4 dxc4 33. Qh5 Qd5 34.
Qh4 Qf5 35. Bh6 Rf7 36. f3 Qg6 37. Bf4 Nd5 38. Rxc4 Bxc4 39. Rxc4 Rh7 40. Qg4
Qxg4 41. fxg4 Nxf4 42. exf4 Rhd7 43. Rc6 Kf7 44. g5 fxg5 45. fxg5 Rxd4 46. g6+
Kg7 47. Kf2 R8d6 48. Rc5 Kxg6 49. g3 Rd2+ 50. Kf3 R2d3+ 51. Ke4 Rxg3 0-1

[Event "Open Marianske Lazne 2018 - A + B"]
[Site "?"]
[Date "2018.01.26"]
[Round "8"]
[White "Frolov, Artur"]
[Black "Narendran, Gouthaman"]
[Result "1/2-1/2"]
[WhiteElo "2407"]
[BlackElo "2106"]
[PlyCount "79"]
[EventDate "2018.??.??"]

1. e4 c5 2. Nf3 d6 3. d4 cxd4 4. Nxd4 Nf6 5. Nc3 a6 6. Be3 Ng4 7. Bg5 h6 8. Bh4
g5 9. Bg3 Bg7 10. h4 Nc6 11. Nb3 Bxc3+ 12. bxc3 Rg8 13. hxg5 hxg5 14. Bc4 Nge5
15. Bd5 Qc7 16. Nd4 Bg4 17. Bxc6+ Nxc6 18. f3 Bd7 19. Nxc6 Qxc6 20. Qd4 Be6 21.
a4 Rc8 22. Kd2 Qc4 23. a5 Kd7 24. Rhb1 Rc7 25. Rb4 Qxd4+ 26. cxd4 Bc4 27. Rab1
Bb5 28. c4 Bxc4 29. Rxb7 Bb5 30. Rxc7+ Kxc7 31. Rh1 Kd7 32. Rh7 f6 33. e5 dxe5
34. dxe5 Ke6 35. exf6 exf6 36. Bc7 Rc8 37. Ke3 Bd7 38. Bb6 Bb5 39. Bc7 Bd7 40.
Bb6 1/2-1/2

[Event "Open Marianske Lazne 2018 - A + B"]
[Site "?"]
[Date "2018.01.26"]
[Round "8"]
[White "Pisk, Petr"]
[Black "Heimrath, Reiner"]
[Result "1-0"]
[WhiteElo "2333"]
[BlackElo "2260"]
[PlyCount "131"]
[EventDate "2018.??.??"]

1. d4 Nf6 2. Nf3 g6 3. Nc3 d5 4. Bf4 Bg7 5. e3 O-O 6. Be2 c5 7. Ne5 Be6 8. Qd2
Nbd7 9. Bf3 Rc8 10. h3 b5 11. a3 a6 12. Nxd7 Qxd7 13. O-O Rfd8 14. Rfd1 Qc6 15.
Be5 Rd7 16. Qe1 Rcd8 17. Ne2 Bh6 18. dxc5 Qxc5 19. Nd4 Ne8 20. Rd3 Bg7 21. Rc3
Qb6 22. Rc6 Qb7 23. Bxg7 Nxg7 24. Qa5 Rd6 25. Rc7 Qa8 26. Rxe7 Bd7 27. Rd1 Qb8
28. Re5 Be8 29. Ne2 Bc6 30. Nf4 R6d7 31. Rg5 h6 32. Rg4 Bb7 33. Ne2 Nf5 34. Nd4
Nd6 35. h4 Nc4 36. Qc3 Rc8 37. Qb4 Qe5 38. b3 Nd6 39. a4 bxa4 40. Qxa4 Rdc7 41.
Rd2 Ne8 42. Qa5 Kg7 43. Qb6 Nf6 44. Rf4 Nd7 45. Qb4 h5 46. Ne2 Nf6 47. Qd4 Qe6
48. g4 hxg4 49. Bxg4 Qe7 50. Bxc8 Bxc8 51. Ng3 Rc6 52. e4 Kg8 53. e5 Nd7 54.
Qxd5 Re6 55. Qa8 Nb6 56. Qb8 Kh7 57. Rd6 Rxe5 58. Rxb6 Re1+ 59. Kg2 Qd7 60.
Rxf7+ Qxf7 61. Qxc8 Qd5+ 62. Kh2 Re7 63. Rb8 Qd4 64. Qg8+ Kh6 65. Nf5+ gxf5 66.
Qg5+ 1-0

[Event "Open Marianske Lazne 2018 - A + B"]
[Site "Marianske Lazne (CZE)"]
[Date "2018.01.25"]
[Round "7"]
[White "Kubicka, Anna"]
[Black "Varitski, Igor"]
[Result "1-0"]
[WhiteElo "2256"]
[BlackElo "2246"]
[PlyCount "73"]
[EventDate "2018.01.20"]

1. e4 c6 2. d4 d5 3. Nc3 dxe4 4. Nxe4 Bf5 5. Ng3 Bg6 6. h4 h6 7. Nf3 Nd7 8. h5
Bh7 9. Bd3 Bxd3 10. Qxd3 e6 11. Bd2 Ngf6 12. O-O-O Be7 13. Kb1 Qb6 14. Rhe1 O-O
15. Nf5 Bb4 16. Bxb4 Qxb4 17. a3 Qa5 18. Ne7+ Kh8 19. Rxe6 Qxh5 20. Ree1 Qg4
21. Ne5 Nxe5 22. dxe5 Ng8 23. Nf5 Rad8 24. Nd6 Rd7 25. f3 Qe6 26. f4 g6 27. Qd4
Rfd8 28. g4 Kh7 29. f5 Qe7 30. Rc1 gxf5 31. Qf2 fxg4 32. Qf5+ Kh8 33. Qxg4 Qg5
34. Qc4 Rf8 35. Qd4 Kh7 36. Rg1 Qh5 37. e6 1-0

[Event "Open Marianske Lazne 2018 - A + B"]
[Site "Marianske Lazne (CZE)"]
[Date "2018.01.26"]
[Round "8"]
[White "Kochukova, Anna"]
[Black "Raahul, V S."]
[Result "1-0"]
[WhiteElo "2110"]
[BlackElo "2205"]
[PlyCount "67"]
[EventDate "2018.01.20"]

1. e4 e6 2. d4 d5 3. Nd2 Be7 4. e5 c5 5. c3 Nc6 6. Bd3 Nh6 7. Ne2 cxd4 8. cxd4
Qb6 9. Nf3 Nf5 10. O-O O-O 11. a3 g6 12. Bxf5 exf5 13. Nc3 Be6 14. b4 f6 15.
Na4 Qb5 16. exf6 Bxf6 17. Nc5 Bc8 18. Bh6 Rd8 19. Bg5 Bxg5 20. Nxg5 b6 21. Nce6
Rd7 22. Rc1 Bb7 23. Re1 a5 24. a4 Qxb4 25. Rb1 Qc4 26. Rxb6 Re8 27. Qb1 Ba8 28.
Rc1 Qe2 29. Re1 Qh5 30. Nf4 Rxe1+ 31. Qxe1 Re7 32. Nge6 Qh6 33. Nxd5 Rxe6 34.
Qxe6+ 1-0

[Event "Open Marianske Lazne 2018 - A + B"]
[Site "Marianske Lazne (CZE)"]
[Date "2018.01.25"]
[Round "7"]
[White "Steiner, Bruno"]
[Black "Csiki, Endre"]
[Result "1-0"]
[WhiteElo "2135"]
[BlackElo "2093"]
[PlyCount "79"]
[EventDate "2018.01.20"]

1. d4 e6 2. e4 d5 3. exd5 exd5 4. Nf3 c6 5. Bd3 Bd6 6. O-O Ne7 7. Ne5 Nd7 8. f4
Qb6 9. Kh1 Nf6 10. c4 dxc4 11. Bxc4 Ned5 12. Nc3 O-O 13. Qd3 Nb4 14. Qd1 Nbd5
15. Bxd5 cxd5 16. Qd3 Kh8 17. f5 Qa6 18. Qf3 Bb4 19. Bg5 Bxc3 20. bxc3 Qd6 21.
Bxf6 gxf6 22. Ng4 Rg8 23. Nh6 Rg7 24. Qh5 Qf8 25. Qh4 Qd6 26. Qh5 Qf8 27. Qh4
Qd6 28. Rf3 Bd7 29. Ng4 Rg5 30. Raf1 Bb5 31. Re1 Rag8 32. Nh6 Rf8 33. Rfe3 Kg7
34. Rg3 Qd8 35. Ng4 h5 36. Nxf6 Rxg3 37. Nxh5+ Kh6 38. f6 Rg4 39. Qxg4 Qd7 40.
Qg7+ 1-0

[Event "Open Marianske Lazne 2018 - A + B"]
[Site "Marianske Lazne (CZE)"]
[Date "2018.01.25"]
[Round "7"]
[White "Nitish, Belurkar"]
[Black "Chudinovskikh, Alexander M"]
[Result "1/2-1/2"]
[WhiteElo "2270"]
[BlackElo "2225"]
[PlyCount "113"]
[EventDate "2018.01.20"]

1. d4 Nf6 2. Nf3 d5 3. e3 g6 4. b3 Bg7 5. Bb2 O-O 6. Be2 a5 7. O-O a4 8. b4
Nbd7 9. c4 dxc4 10. Bxc4 Ne4 11. Qc2 Nd6 12. Bd3 b5 13. Rc1 Nb6 14. Na3 Ba6 15.
e4 Rc8 16. e5 Ndc4 17. Bxc4 bxc4 18. b5 Bb7 19. Nxc4 c6 20. Nxb6 Qxb6 21. Qxa4
cxb5 22. Qb3 Bh6 23. Rxc8 Rxc8 24. Ba3 e6 25. Bc5 Qa5 26. a3 Bd5 27. Qb4 Qa8
28. Ne1 Bc6 29. f3 Be3+ 30. Kf1 Bd5 31. Ke2 Bf4 32. Kf2 h5 33. Nd3 Bh6 34. Rb1
h4 35. h3 Ba2 36. Ra1 Qd5 37. Nb2 Bf4 38. Nd1 Bc4 39. Nc3 Qd8 40. Ne4 Bd3 41.
Nf6+ Kg7 42. Ra2 Bc4 43. Rb2 Bg3+ 44. Kg1 Qh8 45. Ne4 Qh6 46. Nxg3 hxg3 47. Qd2
Qxd2 48. Rxd2 g5 49. Rd1 Kg6 50. Re1 Bd5 51. Re3 Kf5 52. Kf1 b4 53. Bxb4 Rc2
54. Rc3 Rf2+ 55. Kg1 Rd2 56. Kf1 Rf2+ 57. Kg1 1/2-1/2

[Event "Open Marianske Lazne 2018 - A + B"]
[Site "Marianske Lazne (CZE)"]
[Date "2018.01.25"]
[Round "7"]
[White "Heimrath, Reiner"]
[Black "Frolov, Artur"]
[Result "0-1"]
[WhiteElo "2260"]
[BlackElo "2407"]
[PlyCount "96"]
[EventDate "2018.01.20"]

1. Nf3 Nf6 2. g3 d5 3. Bg2 g6 4. c4 c6 5. Qc2 Bg7 6. b3 d4 7. Bb2 c5 8. b4 Nc6
9. a3 O-O 10. d3 Re8 11. O-O e5 12. Nbd2 cxb4 13. axb4 Nxb4 14. Qb1 a5 15. Nb3
Bf8 16. Ba3 Bd7 17. Qb2 Bc6 18. Rfb1 b6 19. Nc1 Nd7 20. Na2 Na6 21. Bxf8 Rxf8
22. Qd2 Qf6 23. Rf1 Nac5 24. Rab1 Rfe8 25. Qh6 Rac8 26. Rbd1 Re7 27. e4 Ba4 28.
Rd2 Qg7 29. Qh3 Rb8 30. Nc1 Nf6 31. Qh4 h6 32. g4 g5 33. Qg3 Nfd7 34. Ne1 Ne6
35. Nc2 Nf4 36. Na3 Nc5 37. Bf3 Bc6 38. Bd1 Qf6 39. Rb2 Kg7 40. Kh1 Qd6 41. Nb1
b5 42. Nd2 b4 43. Ndb3 a4 44. Nxc5 Qxc5 45. Rb1 b3 46. Ne2 Nxe2 47. Bxe2 a3 48.
h4 b2 0-1

[Event "Open Marianske Lazne 2018 - A + B"]
[Site "Marianske Lazne (CZE)"]
[Date "2018.01.25"]
[Round "7"]
[White "Narendran, Gouthaman"]
[Black "Chkhaidze, Nikoloz"]
[Result "0-1"]
[WhiteElo "2106"]
[BlackElo "2306"]
[PlyCount "88"]
[EventDate "2018.01.20"]

1. e4 c5 2. Nf3 e6 3. d4 cxd4 4. Nxd4 a6 5. Bd3 Nf6 6. O-O d6 7. c4 b6 8. Qe2
Bb7 9. Nc3 Nbd7 10. f4 Qc7 11. Re1 g6 12. Kh1 Bg7 13. Be3 O-O 14. Rad1 Nc5 15.
Bf2 Nxd3 16. Qxd3 Rac8 17. Na4 e5 18. Nf3 Qxc4 19. Qxc4 Rxc4 20. Nxb6 Rxe4 21.
Rxd6 Rxf4 22. Bg3 Rf5 23. Rxe5 Rxf3 24. gxf3 Bxf3+ 25. Kg1 Ne4 26. Rd3 Nxg3 27.
Ra5 Ne2+ 28. Kf2 Bg4 29. Ra4 Bh5 30. Rh3 Bd4+ 31. Kf1 Bxb6 32. Rxh5 gxh5 33.
Rxa6 Bd4 34. Kxe2 Bxb2 35. a4 Re8+ 36. Kf3 Kg7 37. a5 Bd4 38. Rd6 Be5 39. Rc6
Re6 40. Rc5 Bxh2 41. Rxh5 Bc7 42. Rc5 Bd6 43. Rb5 Re5 44. Rb6 Bc7 0-1

[Event "Open Marianske Lazne 2018 - A + B"]
[Site "Marianske Lazne (CZE)"]
[Date "2018.01.26"]
[Round "8"]
[White "Vulfson, Vladimir"]
[Black "Lukasiewicz, Krzysztof"]
[Result "1-0"]
[WhiteElo "2401"]
[BlackElo "2218"]
[PlyCount "99"]
[EventDate "2018.01.20"]

1. d4 d5 2. c4 e6 3. Nc3 Nf6 4. Nf3 Be7 5. Bf4 O-O 6. e3 Nbd7 7. Qc2 c5 8. cxd5
Nxd5 9. Nxd5 exd5 10. Bd3 Qa5+ 11. Qc3 Qb6 12. O-O c4 13. Bb1 Nf6 14. a3 Be6
15. Bg5 h6 16. Bxf6 Bxf6 17. Ne5 Qd6 18. a4 Rfb8 19. f4 b6 20. Rc1 a6 21. b4
Rc8 22. Ra2 Qe7 23. Re1 a5 24. b5 Qb4 25. Qc1 Rc7 26. Kf2 g6 27. Rg1 Bg7 28. g4
Qe7 29. Kg3 Bxe5 30. fxe5 h5 31. Rf2 Qg5 32. Rf4 hxg4 33. h4 gxh3+ 34. Kh2 Qh5
35. Qe1 c3 36. Bc2 Qh6 37. Qf2 Re8 38. Rf6 Kg7 39. Bxg6 Kf8 40. Bc2 Qh8 41. Qf4
Ke7 42. Qg5 Kd7 43. e4 Qh7 44. Rh6 Qxh6 45. Qxh6 Kc8 46. exd5 Bxd5 47. Qxb6 Bb7
48. Bf5+ Kb8 49. Qd6 c2 50. b6 1-0

[Event "Open Marianske Lazne 2018 - A + B"]
[Site "Marianske Lazne (CZE)"]
[Date "2018.01.26"]
[Round "8"]
[White "Voinikonis, Nikita"]
[Black "Makarian, Rudik"]
[Result "1/2-1/2"]
[WhiteElo "2218"]
[BlackElo "2138"]
[PlyCount "65"]
[EventDate "2018.01.20"]

1. d4 Nf6 2. c4 g6 3. Nc3 Bg7 4. e4 d6 5. Nf3 O-O 6. Be2 e5 7. O-O Nc6 8. d5
Ne7 9. b4 Nd7 10. Re1 f5 11. Ng5 Nf6 12. Bf3 fxe4 13. Ncxe4 Nxe4 14. Bxe4 Nf5
15. Ne6 Bxe6 16. dxe6 c6 17. b5 Rc8 18. Rb1 Nd4 19. bxc6 bxc6 20. Be3 Nxe6 21.
Rb7 Rc7 22. Rxa7 Nd4 23. Rxc7 Qxc7 24. Qa4 Rc8 25. Bxd4 exd4 26. g3 Qb6 27. Rb1
Qc5 28. Qa6 Rf8 29. Qxc6 Qa3 30. Rb3 Qc1+ 31. Kg2 Rxf2+ 32. Kxf2 Qd2+ 33. Kf1
1/2-1/2

[Event "Open Marianske Lazne 2018 - A + B"]
[Site "?"]
[Date "2018.01.26"]
[Round "8"]
[White "Solozhenkin, Evgeniy"]
[Black "Chudinovskikh, Alexander M"]
[Result "1-0"]
[WhiteElo "2451"]
[BlackElo "2225"]
[PlyCount "47"]
[EventDate "2018.??.??"]

1. e4 e5 2. Nf3 Nc6 3. Bb5 a6 4. Ba4 Nf6 5. O-O Be7 6. Re1 b5 7. Bb3 O-O 8. c3
d6 9. h3 Re8 10. d4 Bb7 11. Nbd2 Bf8 12. a4 h6 13. d5 Ne7 14. c4 c6 15. dxc6
Nxc6 16. axb5 axb5 17. Rxa8 Qxa8 18. cxb5 Nd4 19. Nxd4 exd4 20. Nf3 Bxe4 21.
Nxd4 Bxg2 22. Rxe8 Nxe8 23. Qh5 Nf6 24. Qxf7+ 1-0

[Event "Open Marianske Lazne 2018 - A + B"]
[Site "?"]
[Date "2018.01.26"]
[Round "8"]
[White "Lee, Qing Aun"]
[Black "Solozhenkina, Elizaveta"]
[Result "1/2-1/2"]
[WhiteElo "2277"]
[BlackElo "2190"]
[PlyCount "71"]
[EventDate "2018.??.??"]

1. e4 c5 2. Nf3 d6 3. d4 cxd4 4. Nxd4 Nf6 5. Nc3 a6 6. Bg5 e6 7. f4 h6 8. Bh4
Qb6 9. a3 Be7 10. Bf2 Qc7 11. Qf3 Nbd7 12. O-O-O b5 13. g4 g5 14. h4 gxf4 15.
g5 Ne5 16. Qxf4 Nfg4 17. Be2 Nxf2 18. Qxf2 hxg5 19. hxg5 Rf8 20. Kb1 Qc5 21.
Qg2 Bd7 22. Nf3 Ng6 23. Qg3 a5 24. e5 d5 25. Nd4 b4 26. Ncb5 bxa3 27. Nxa3 Rb8
28. Nab5 Bxb5 29. Bxb5+ Rxb5 30. Nxb5 Qxb5 31. Rd3 Kd7 32. Rb3 Qc6 33. Qf2 Bc5
34. Qf6 Be7 35. Qf2 Bc5 36. Qf6 1/2-1/2

[Event "Open Marianske Lazne 2018 - A + B"]
[Site "?"]
[Date "2018.01.26"]
[Round "1"]
[White "Srinath, Rao S V"]
[Black "Obolentseva, Alexandra"]
[Result "1/2-1/2"]
[WhiteElo "2270"]
[BlackElo "2315"]
[PlyCount "136"]
[EventDate "2018.??.??"]

1. e4 c5 2. c3 Nf6 3. e5 Nd5 4. d4 cxd4 5. Nf3 Nc6 6. cxd4 d6 7. Bc4 dxe5 8.
dxe5 Ndb4 9. Qxd8+ Kxd8 10. Na3 e6 11. O-O a6 12. Be3 Be7 13. Rac1 b5 14. Nxb5
axb5 15. Bxb5 Bd7 16. a3 Rb8 17. Ba4 Nd3 18. Bxc6 Nxc1 19. Rd1 Kc7 20. Rxd7+
Kxc6 21. Rxe7 Ne2+ 22. Kf1 Rxb2 23. Rxf7 Rd8 24. g3 Rd1+ 25. Kg2 Rd7 26. Rf8 h6
27. Re8 Kd5 28. Rc8 Ra2 29. Rc5+ Ke4 30. Rc4+ Kf5 31. g4+ Kg6 32. a4 Kf7 33. h4
Ra3 34. h5 Rc3 35. Re4 Nc1 36. g5 hxg5 37. Nxg5+ Ke7 38. Rb4 Rdc7 39. a5 Nd3
40. Rb5 R3c4 41. a6 Nf4+ 42. Kf3 Nd5 43. a7 Ra4 44. Rb8 Nxe3 45. a8=Q Rxa8 46.
Rxa8 Nf5 47. Ra6 Rc3+ 48. Ke4 Rc4+ 49. Kd3 Rd4+ 50. Ke2 Rh4 51. Rxe6+ Kd7 52.
Ra6 Rg4 53. Rg6 Rh4 54. Nf3 Rxh5 55. Ra6 Nh4 56. e6+ Ke7 57. Nd4 Ng6 58. Ra7+
Kf6 59. Rf7+ Ke5 60. Ke3 Rh4 61. Rf5+ Kd6 62. Rg5 Ne7 63. Rxg7 Nd5+ 64. Kd3
Nf4+ 65. Kc3 Nxe6 66. Nf5+ Ke5 67. Nxh4 Nxg7 68. Kd3 Kf4 1/2-1/2

[Event "Open Marianske Lazne 2018 - A + B"]
[Site "?"]
[Date "2018.01.27"]
[Round "9"]
[White "Popov, Mikhail"]
[Black "Kulkarni, Bhakti"]
[Result "1-0"]
[WhiteElo "2416"]
[BlackElo "2306"]
[PlyCount "75"]
[EventDate "2018.??.??"]

1. Nf3 d5 2. d4 Nf6 3. c4 c6 4. Nc3 a6 5. Qc2 g6 6. e4 dxe4 7. Nxe4 Nxe4 8.
Qxe4 Bg7 9. Be2 Nd7 10. O-O Nf6 11. Qh4 Bg4 12. h3 Bxf3 13. Bxf3 O-O 14. Re1
Re8 15. Bg5 Qb6 16. b3 a5 17. Rad1 a4 18. Rd3 axb3 19. axb3 Ra3 20. Rde3 h6 21.
Bxh6 Bxh6 22. Qxh6 Qxd4 23. h4 Ra5 24. b4 Rf5 25. Rxe7 Rb8 26. h5 gxh5 27. Qc1
Rf4 28. Rd1 Qxc4 29. Qe3 Rf5 30. Be4 Nxe4 31. Rxe4 Qc2 32. Rc1 Qb2 33. Rc5 Rxc5
34. bxc5 Ra8 35. Re5 Qb1+ 36. Kh2 Ra4 37. Rxh5 Rg4 38. Qe8+ 1-0

[Event "Open Marianske Lazne 2018 - A + B"]
[Site "?"]
[Date "2018.01.27"]
[Round "9"]
[White "Lizak, Peter"]
[Black "Liu, Yi"]
[Result "1/2-1/2"]
[WhiteElo "2458"]
[BlackElo "2337"]
[PlyCount "133"]
[EventDate "2018.??.??"]

1. d4 d5 2. Nc3 e6 3. Bf4 Bd6 4. e3 Nf6 5. Nf3 O-O 6. Bd3 b6 7. Ne5 Ba6 8. Nb5
Bxb5 9. Bxb5 c5 10. c3 Qc7 11. O-O a6 12. Bd3 Nc6 13. Nxc6 Bxf4 14. exf4 Qxc6
15. Re1 cxd4 16. cxd4 Qd6 17. Qd2 Rfc8 18. a3 g6 19. Rac1 a5 20. f3 Qd7 21. Kf2
Ne8 22. h4 Rxc1 23. Rxc1 Rc8 24. Rxc8 Qxc8 25. h5 gxh5 26. f5 exf5 27. Qg5+ Ng7
28. Qf6 Ne6 29. Bxf5 Qd8 30. Qxd8+ Nxd8 31. Ke3 Kg7 32. Bc2 Nc6 33. Ba4 Ne7 34.
Bd7 Kf6 35. Kf4 Ng6+ 36. Kg3 Kg5 37. Bc6 Nf4 38. Kf2 h4 39. Bb5 h6 40. Ba6 Kf5
41. Bf1 Ne6 42. Ke3 Kg5 43. Ba6 Nf4 44. Bf1 Ng6 45. Bb5 Ne7 46. Be8 Nf5+ 47.
Kd3 Kf4 48. Bxf7 Ne3 49. Ke2 Nxg2 50. Kf2 Ne3 51. Be6 Nc2 52. Kg2 Ne1+ 53. Kh3
Kxf3 54. Bxd5+ Ke3 55. b4 Kxd4 56. bxa5 bxa5 57. Bc6 Kc4 58. Kxh4 Kb3 59. a4
Nd3 60. Kh5 Nc5 61. Kxh6 Nxa4 62. Kg5 Nc3 63. Kf4 Kb4 64. Ke3 Nb5 65. Bxb5 Kxb5
66. Kd3 Kb4 67. Kc2 1/2-1/2

[Event "Open Marianske Lazne 2018 - A + B"]
[Site "?"]
[Date "2018.01.27"]
[Round "9"]
[White "Miesbauer, Jan"]
[Black "Plat, Vojtech"]
[Result "0-1"]
[WhiteElo "2276"]
[BlackElo "2569"]
[PlyCount "96"]
[EventDate "2018.??.??"]

1. d4 Nf6 2. c4 e5 3. dxe5 Ng4 4. Nf3 Bc5 5. e3 Nc6 6. Be2 Ngxe5 7. Nc3 d6 8.
O-O Be6 9. b3 O-O 10. Bb2 Nxf3+ 11. Bxf3 Ne5 12. Bxb7 Rb8 13. Bd5 Bg4 14. Qc2
c6 15. Na4 Bxe3 16. Bxf7+ Nxf7 17. fxe3 Qg5 18. Rae1 Rbe8 19. c5 d5 20. Qc3 Ne5
21. Kh1 Rxf1+ 22. Rxf1 Bf5 23. Qd2 Ng4 24. Bd4 Re6 25. Nc3 Qh6 26. h3 Nxe3 27.
Rf3 Nc2 28. Qf2 Nxd4 29. Qxd4 g6 30. Qb4 Qc1+ 31. Kh2 Qe1 32. Qb8+ Re8 33. Qd6
Qe5+ 34. Qxe5 Rxe5 35. g4 Bc8 36. Rd3 Ba6 37. Rd4 Re3 38. Nd1 Re2+ 39. Kg3 Rxa2
40. Ra4 Rxa4 41. bxa4 Kf7 42. Kf4 Ke6 43. Nf2 h6 44. h4 Bf1 45. a5 a6 46. g5 h5
47. Nh1 d4 48. Ng3 Bd3 0-1

[Event "Open Marianske Lazne 2018 - A + B"]
[Site "?"]
[Date "2018.01.27"]
[Round "9"]
[White "Pacher, Milan"]
[Black "Chekletsov, Ilya"]
[Result "1/2-1/2"]
[WhiteElo "2444"]
[BlackElo "2373"]
[PlyCount "120"]
[EventDate "2018.??.??"]

1. e4 c5 2. Nf3 d6 3. d4 cxd4 4. Nxd4 Nf6 5. Nc3 g6 6. Be3 Bg7 7. f3 O-O 8. Qd2
Nc6 9. O-O-O d5 10. exd5 Nxd5 11. Nxc6 bxc6 12. Bd4 Bxd4 13. Qxd4 Qb6 14. Na4
Qc7 15. Bc4 Bf5 16. g4 Be6 17. Nc5 Rad8 18. Nxe6 fxe6 19. Qe4 Qf4+ 20. Kb1 Qxe4
21. fxe4 Nf4 22. Kc1 Kg7 23. g5 e5 24. h4 Ng2 25. Rxd8 Rxd8 26. Rh2 Nf4 27. c3
h6 28. b4 Nd3+ 29. Kb1 Ne1 30. Rf2 hxg5 31. hxg5 Rd1+ 32. Kb2 Nd3+ 33. Bxd3
Rxd3 34. Kb3 Re3 35. Kc4 Rxe4+ 36. Kc5 Rg4 37. a4 e4 38. Re2 Kf7 39. Kxc6 Ke6
40. b5 Kf5 41. Kb7 e3 42. a5 Ke4 43. Kxa7 Rxg5 44. Ka6 Kf3 45. Re1 Kf2 46. Ra1
Rg1 47. Ra2+ e2 48. b6 Kf3 49. Rxe2 Kxe2 50. b7 Rb1 51. c4 g5 52. c5 g4 53. c6
g3 54. c7 g2 55. c8=Q g1=Q 56. Qc2+ Kf3 57. Qf5+ Ke2 58. Qe4+ Kd2 59. Qd5+ Kc3
60. Qe5+ Qd4 1/2-1/2

[Event "Open Marianske Lazne 2018 - A + B"]
[Site "?"]
[Date "2018.01.27"]
[Round "9"]
[White "Low, Zhen Yu Cyrus"]
[Black "Obolentseva, Alexandra"]
[Result "0-1"]
[WhiteElo "2437"]
[BlackElo "2315"]
[PlyCount "70"]
[EventDate "2018.??.??"]

1. e4 c5 2. Nf3 d6 3. d4 cxd4 4. Nxd4 Nf6 5. Nc3 a6 6. Be2 e6 7. g4 h6 8. Bf3
Nfd7 9. h4 b5 10. a3 Be7 11. g5 Ne5 12. gxh6 gxh6 13. h5 Nbd7 14. Be2 Bb7 15.
Be3 Nb6 16. Nf3 Nxf3+ 17. Bxf3 Nc4 18. Bd4 e5 19. Be3 Nxb2 20. Qc1 Nc4 21. Bxh6
Rxh6 22. Qxh6 Qa5 23. O-O Qxc3 24. Bg4 Nd2 25. Qh8+ Bf8 26. h6 Nf3+ 27. Bxf3
Qxf3 28. Rfe1 Qg4+ 29. Kf1 Qh3+ 30. Ke2 Bxe4 31. Rg1 Rc8 32. Rac1 Qf3+ 33. Ke1
Qc3+ 34. Kf1 Qc4+ 35. Ke1 Bf3 0-1

[Event "Open Marianske Lazne 2018 - A + B"]
[Site "?"]
[Date "2018.01.27"]
[Round "9"]
[White "Nguyen, Thai Dai Van"]
[Black "Stocek, Jiri"]
[Result "1/2-1/2"]
[WhiteElo "2510"]
[BlackElo "2566"]
[PlyCount "66"]
[EventDate "2018.??.??"]

1. c4 e5 2. g3 Nf6 3. Bg2 h6 4. Nc3 Bb4 5. e4 d6 6. Nge2 Nc6 7. O-O Bg4 8. h3
Bxe2 9. Nxe2 Bc5 10. d3 Nd4 11. Kh2 h5 12. Rb1 a5 13. Nxd4 Bxd4 14. Qe2 h4 15.
Bg5 Qd7 16. Bxh4 Nh5 17. Bg5 Nf4 18. Bxf4 exf4 19. gxf4 Rh4 20. f5 Rf4 21. Bf3
Qe7 22. Bg4 c5 23. Kg2 Qh4 24. f3 Ke7 25. Qe1 Qg5 26. h4 Qh6 27. Rh1 b6 28. h5
Kf8 29. Qe2 Ke7 30. b3 Qg5 31. Rh3 Be5 32. a4 Rh8 33. Rbh1 Rh6 1/2-1/2

[Event "Open Marianske Lazne 2018 - A + B"]
[Site "?"]
[Date "2018.01.27"]
[Round "9"]
[White "Yeritsyan, Aram"]
[Black "Srinath, Rao S V"]
[Result "0-1"]
[WhiteElo "2309"]
[BlackElo "2270"]
[PlyCount "60"]
[EventDate "2018.??.??"]

1. e4 e6 2. d4 d5 3. Nc3 Nf6 4. Bg5 Bb4 5. e5 h6 6. Bd2 Bxc3 7. bxc3 Ne4 8. Qg4
Kf8 9. Qf4 c5 10. Bd3 Nxd2 11. Qxd2 Nc6 12. Nf3 c4 13. Be2 Ke8 14. h4 Kd7 15.
h5 Kc7 16. g4 Bd7 17. g5 hxg5 18. Nxg5 Qe7 19. f4 Raf8 20. Nf3 f6 21. O-O-O
Qa3+ 22. Kb1 b5 23. Ka1 b4 24. cxb4 c3 25. Qc1 Nxb4 26. Qxa3 Nxc2+ 27. Kb1
Nxa3+ 28. Ka1 fxe5 29. fxe5 Rxf3 30. Bxf3 Rb8 0-1